[Event "Tradewise Gibraltar Chess Festival 2013"]
[Site "Gibraltar ENG"]
[Date "2013.01.25"]
[Round "4.42"]
[White "Poetsch, Hagen"]
[Black "Storey, Charles H"]
[Result "1-0"]
[WhiteElo "2437"]
[BlackElo "2245"]
[PlyCount "99"]
[EventDate "2013.01.22"]
[EventType "swiss"]
[EventRounds "10"]
[EventCountry "ENG"]
[Source "lmi"]
[SourceDate "2013.01.22"]

1. e4 e5 2. Nf3 Nc6 3. Bc4 Bc5 4. c3 Nf6 5. d3 d6 6. h3 O-O 7. b4 Bb6 8. O-O
Ne7 9. Bg5 Ng6 10. Nh4 a5 11. b5 c6 12. Nd2 d5 13. Bb3 Nxh4 14. Bxh4 Be6 15.
bxc6 bxc6 16. d4 Qd6 17. exd5 cxd5 18. Bg3 Qc6 19. dxe5 Qxc3 20. Kh2 Nd7 21.
Rc1 Qb2 22. f4 g6 23. Rc2 Qa3 24. Nb1 Qe7 25. Bxd5 Rad8 26. Bxe6 fxe6 27. Qe2
Nc5 28. Nd2 Rd5 29. Nc4 Bc7 30. Ne3 Rd4 31. Rfc1 Bb6 32. Nc4 Ba7 33. Nxa5 Nd3
34. Nc6 Qd7 35. Nxd4 Nxc1 36. Rxc1 Qxd4 37. Qc4 Qd7 38. Qc6 Qe7 39. Rd1 Rf7 40.
Rd6 Kg7 41. Qc4 Qb7 42. Rd1 Qb6 43. Bh4 Rc7 44. Bf6+ Kf7 45. Qa4 Qb7 46. Rd8
Rc6 47. Rh8 Qa6 48. Rxh7+ Kg8 49. Rxa7 Qf1 50. Rg7+ 1-0

[Event "Tradewise Gibraltar Chess Festival 2013"]
[Site "Gibraltar ENG"]
[Date "2013.01.25"]
[Round "4.43"]
[White "Trent, Lawrence"]
[Black "Nuri, Kambez"]
[Result "1-0"]
[WhiteElo "2429"]
[BlackElo "2241"]
[PlyCount "113"]
[EventDate "2013.01.22"]
[EventType "swiss"]
[EventRounds "10"]
[EventCountry "ENG"]
[Source "lmi"]
[SourceDate "2013.01.22"]

1. e4 c5 2. Nf3 d6 3. d4 cxd4 4. Qxd4 a6 5. h3 Nc6 6. Qe3 g6 7. c4 Bg7 8. Be2
Nf6 9. Nc3 O-O 10. O-O Nd7 11. Rb1 a5 12. b3 Nc5 13. Rd1 Bxc3 14. Qxc3 Nxe4 15.
Qe3 Nc5 16. Bb2 f6 17. Nh2 Bf5 18. Rbc1 e5 19. Ng4 Qe7 20. Nh6+ Kh8 21. g4 Be6
22. f4 exf4 23. Qxf4 Ne5 24. h4 Rad8 25. g5 Ncd7 26. c5 Qg7 27. Ba1 fxg5 28.
Qxg5 d5 29. c6 bxc6 30. Rxc6 Nxc6 31. Bxg7+ Kxg7 32. Ng4 Bxg4 33. Qxg4 Nde5 34.
Qg3 d4 35. Rf1 d3 36. Bd1 Rxf1+ 37. Kxf1 Re8 38. h5 Nd4 39. Kg2 Nf5 40. Qe1 Kf6
41. Qf2 Re6 42. Qd2 Rc6 43. Kh3 Rc5 44. a4 Rd5 45. h6 g5 46. b4 axb4 47. Qxb4
g4+ 48. Kh2 g3+ 49. Kg1 Rd4 50. Qb7 Rd7 51. Qb6+ Kg5 52. a5 Kf4 53. a6 d2 54.
a7 Nf3+ 55. Kg2 Ne3+ 56. Qxe3+ Kxe3 57. a8=Q 1-0

[Event "Tradewise Gibraltar Chess Festival 2013"]
[Site "Gibraltar ENG"]
[Date "2013.01.25"]
[Round "4.44"]
[White "Lederman, Leon"]
[Black "Docx, Stefan"]
[Result "0-1"]
[WhiteElo "2239"]
[BlackElo "2426"]
[PlyCount "82"]
[EventDate "2013.01.22"]
[EventType "swiss"]
[EventRounds "10"]
[EventCountry "ENG"]
[Source "lmi"]
[SourceDate "2013.01.22"]

1. e4 e5 2. Nf3 Nc6 3. Bb5 a6 4. Ba4 Nf6 5. O-O Be7 6. Re1 b5 7. Bb3 d6 8. c3
O-O 9. d4 Bg4 10. Be3 Bh5 11. h3 exd4 12. cxd4 Na5 13. Bc2 Nc4 14. Bc1 d5 15.
e5 Ne4 16. Nc3 Nxc3 17. bxc3 a5 18. g4 Bg6 19. Bf5 Ra6 20. Qd3 c5 21. dxc5 Bxc5
22. Nd4 b4 23. Nb3 Ba7 24. cxb4 axb4 25. Bf4 Re8 26. Bg3 Bxf5 27. gxf5 Qg5 28.
Kg2 Rd8 29. Re2 Rh6 30. Rae1 Qh5 31. Bf4 Rc6 32. e6 fxe6 33. Rxe6 Rxe6 34. Rxe6
Qf7 35. Bg5 Rd7 36. Be7 Nb2 37. Qe2 Qxf5 38. Bxb4 h6 39. Bc3 Nd3 40. Re8+ Kh7
41. Bd2 Nxf2 0-1

[Event "Tradewise Gibraltar Chess Festival 2013"]
[Site "Gibraltar ENG"]
[Date "2013.01.25"]
[Round "4.45"]
[White "Hommerson, Paul"]
[Black "Houska, Jovanka"]
[Result "1-0"]
[WhiteElo "2237"]
[BlackElo "2416"]
[PlyCount "89"]
[EventDate "2013.01.22"]
[EventType "swiss"]
[EventRounds "10"]
[EventCountry "ENG"]
[Source "lmi"]
[SourceDate "2013.01.22"]

1. e4 c6 2. d4 d5 3. Nc3 dxe4 4. Nxe4 Bf5 5. Ng3 Bg6 6. h4 h6 7. Nf3 Nd7 8. h5
Bh7 9. Bd3 Bxd3 10. Qxd3 e6 11. Bd2 Ngf6 12. O-O-O Be7 13. Ne4 Qb6 14. Nxf6+
Bxf6 15. Kb1 c5 16. Bc3 cxd4 17. Bxd4 Bxd4 18. Nxd4 Nc5 19. Qf3 Rd8 20. Rd2 O-O
21. Rhd1 Rd5 22. Nb3 Rxd2 23. Rxd2 Nxb3 24. axb3 Qc7 25. Rd4 b5 26. Qd3 Qe5 27.
Rd8 Rxd8 28. Qxd8+ Kh7 29. Qd3+ f5 30. Ka2 a6 31. c4 bxc4 32. bxc4 Qe1 33. c5
Qxf2 34. c6 Qc5 35. Qc3 Qd5+ 36. b3 Qd8 37. c7 Qc8 38. Qc6 a5 39. Qd6 Qb7 40.
Qc5 a4 41. b4 Qxg2+ 42. Ka3 Qf1 43. Qc3 Qe2 44. c8=Q Qxh5 45. Qxe6 1-0

[Event "Tradewise Gibraltar Chess Festival 2013"]
[Site "Gibraltar ENG"]
[Date "2013.01.25"]
[Round "4.46"]
[White "Pinho, Paulo"]
[Black "Roser, Kevin"]
[Result "1/2-1/2"]
[WhiteElo "2128"]
[BlackElo "2409"]
[PlyCount "62"]
[EventDate "2013.01.22"]
[EventType "swiss"]
[EventRounds "10"]
[EventCountry "ENG"]
[Source "lmi"]
[SourceDate "2013.01.22"]

1. d4 Nf6 2. c4 e6 3. Nf3 b6 4. Nc3 Bb7 5. Bg5 h6 6. Bh4 Be7 7. e3 O-O 8. Bd3
c5 9. O-O cxd4 10. exd4 Nc6 11. Qe2 d5 12. cxd5 Nxd5 13. Qe4 g6 14. Nxd5 exd5
15. Qf4 Bxh4 16. Nxh4 Qg5 17. Qc7 Qxh4 18. Qxb7 Qxd4 19. Bxg6 Ne5 20. Rad1 Qxb2
21. Bb1 Rad8 22. Rxd5 Rxd5 23. Qxd5 Rc8 24. Qe4 Ng6 25. Qg4 Rc6 26. h4 Qg7 27.
Qd7 Qf6 28. Bxg6 Qxg6 29. Qxa7 Rc4 30. Qe7 Rg4 31. g3 Rxg3+ 1/2-1/2

[Event "Tradewise Gibraltar Chess Festival 2013"]
[Site "Gibraltar ENG"]
[Date "2013.01.25"]
[Round "4.47"]
[White "Kjartansson, Gudmundur"]
[Black "Dolzhikova, Olga"]
[Result "1-0"]
[WhiteElo "2408"]
[BlackElo "2239"]
[PlyCount "62"]
[EventDate "2013.01.22"]
[EventType "swiss"]
[EventRounds "10"]
[EventCountry "ENG"]
[Source "lmi"]
[SourceDate "2013.01.22"]

1. Nf3 Nf6 2. c4 e6 3. g3 d5 4. Bg2 c6 5. O-O Bd6 6. d4 Nbd7 7. Nc3 O-O 8. Nd2
Bc7 9. e4 dxe4 10. Ndxe4 Nxe4 11. Nxe4 Nb6 12. b3 e5 13. Bb2 exd4 14. Bxd4 Bf5
15. Qd2 Bxe4 16. Bxe4 Be5 17. Rad1 Qc7 18. Bxe5 Qxe5 19. Qc2 f5 20. Bf3 Rad8
21. Rfe1 Rxd1 22. Qxd1 Qf6 23. Qd2 f4 24. g4 Rd8 25. Qa5 Nd7 26. Rd1 b6 27. Qd2
Kf8 28. Kh1 Ke8 29. g5 Qxg5 30. Bxc6 Qf5 31. Qd6 Qb1 1-0

[Event "Tradewise Gibraltar Chess Festival 2013"]
[Site "Gibraltar ENG"]
[Date "2013.01.25"]
[Round "4.48"]
[White "Lindsoe, Fredrik Aunan"]
[Black "Arakhamia-Grant, Ketevan"]
[Result "1-0"]
[WhiteElo "2064"]
[BlackElo "2405"]
[PlyCount "71"]
[EventDate "2013.01.22"]
[EventType "swiss"]
[EventRounds "10"]
[EventCountry "ENG"]
[Source "lmi"]
[SourceDate "2013.01.22"]

1. Nf3 g6 2. d4 Bg7 3. c4 c5 4. Nc3 cxd4 5. Nxd4 Nc6 6. e3 Nf6 7. Nb3 b6 8. Be2
Bb7 9. Bf3 O-O 10. O-O Ba6 11. Nd2 Rc8 12. Qa4 Na5 13. Nb5 d5 14. Nxa7 Rc7 15.
Nb5 Qd7 16. Qb4 Rc5 17. Nd4 Nxc4 18. Nxc4 Bxc4 19. Qxb6 Qc8 20. Be2 Nd7 21. Qa7
Rc7 22. Qa3 Bxd4 23. Bxc4 Bc5 24. Ba6 Bxa3 25. Bxc8 Rfxc8 26. bxa3 Rc2 27. a4
Nb6 28. Ba3 e6 29. a5 Nc4 30. Bb4 f6 31. Rfd1 Kf7 32. Kf1 Rc6 33. e4 dxe4 34.
Rd7+ Ke8 35. Rad1 Ne5 36. Re7+ 1-0

[Event "Tradewise Gibraltar Chess Festival 2013"]
[Site "Gibraltar ENG"]
[Date "2013.01.25"]
[Round "4.49"]
[White "Kandic, Milan"]
[Black "Dukaczewski, Piotr"]
[Result "0-1"]
[WhiteElo "2090"]
[BlackElo "2268"]
[PlyCount "50"]
[EventDate "2013.01.22"]
[EventType "swiss"]
[EventRounds "10"]
[EventCountry "ENG"]
[Source "lmi"]
[SourceDate "2013.01.22"]

1. d4 Nf6 2. Nf3 g6 3. g3 Bg7 4. Bg2 O-O 5. c4 d5 6. Nc3 c6 7. cxd5 cxd5 8. O-O
Nc6 9. Ne5 e6 10. Nxc6 bxc6 11. Qc2 Nd7 12. Rd1 Ba6 13. Bf4 Rc8 14. Bd6 Re8 15.
Na4 Nb6 16. Nxb6 axb6 17. Ba3 e5 18. dxe5 Bxe5 19. Rac1 d4 20. f4 Bg7 21. e4 d3
22. Qd2 Bd4+ 23. Kh1 c5 24. Bh3 Rxe4 25. Bxc8 Re2 0-1

[Event "Tradewise Gibraltar Chess Festival 2013"]
[Site "Gibraltar ENG"]
[Date "2013.01.25"]
[Round "4.50"]
[White "Tranter, Stephen"]
[Black "Tania, Sachdev"]
[Result "0-1"]
[WhiteElo "1938"]
[BlackElo "2403"]
[PlyCount "110"]
[EventDate "2013.01.22"]
[EventType "swiss"]
[EventRounds "10"]
[EventCountry "ENG"]
[Source "lmi"]
[SourceDate "2013.01.22"]

1. e4 c5 2. Nf3 e6 3. d3 d5 4. Qe2 Nf6 5. g3 Be7 6. Bg2 b6 7. e5 Nfd7 8. O-O
Bb7 9. c4 d4 10. h4 Nc6 11. Bf4 Nf8 12. Bg5 h6 13. Bxe7 Qxe7 14. Nbd2 Nd7 15.
Rfe1 O-O-O 16. a3 Kb8 17. Qd1 g5 18. Qa4 g4 19. Nh2 Ncxe5 20. Bxb7 Kxb7 21. Qc2
h5 22. b4 Nc6 23. b5 Na5 24. Nb3 Nxb3 25. Qxb3 Ra8 26. a4 a5 27. bxa6+ Rxa6 28.
f3 Qd6 29. f4 Rha8 30. Ra2 Qc6 31. Rea1 Ra5 32. Qd1 Nf8 33. Nf1 Ng6 34. Nd2 Kc7
35. Ne4 Ne7 36. Nf6 Nf5 37. Qe1 Ne3 38. Nxh5 Rxa4 39. Qe2 f5 40. Ng7 Rxa2 41.
Rxa2 Rxa2 42. Qxa2 Kd6 43. h5 Qf3 44. Qf2 Qb7 45. h6 Qf7 46. Qh2 Qa7 47. Qb2
Qa5 48. Ne8+ Ke7 49. h7 Qe1+ 50. Kh2 Nf1+ 51. Kg2 Nd2 52. Qxd2 Qxd2+ 53. Kh1
Qe1+ 54. Kg2 Qe2+ 55. Kg1 Qe3+ 0-1

[Event "Tradewise Gibraltar Chess Festival 2013"]
[Site "Gibraltar ENG"]
[Date "2013.01.25"]
[Round "4.51"]
[White "Pribyl, Jaroslav"]
[Black "Quillan, Gary"]
[Result "1/2-1/2"]
[WhiteElo "1932"]
[BlackElo "2398"]
[PlyCount "82"]
[EventDate "2013.01.22"]
[EventType "swiss"]
[EventRounds "10"]
[EventCountry "ENG"]
[Source "lmi"]
[SourceDate "2013.01.22"]

1. d4 e6 2. e4 d5 3. Nd2 Nf6 4. e5 Nfd7 5. Bd3 c5 6. c3 Nc6 7. Ne2 cxd4 8. cxd4
f6 9. exf6 Nxf6 10. O-O Bd6 11. Nf3 Qc7 12. Bg5 O-O 13. Bh4 Nh5 14. Qc2 h6 15.
Bh7+ Kh8 16. Bg6 Rxf3 17. Bxh5 Rf8 18. Bg3 Bd7 19. Rac1 Rac8 20. Qb3 Bxg3 21.
hxg3 Rf6 22. Nf4 Qb6 23. Qxb6 axb6 24. Rfd1 Ra8 25. a3 Ra4 26. Ne2 b5 27. Rd3
b4 28. axb4 Rxb4 29. b3 g6 30. Bf3 Rf8 31. Nf4 Kg7 32. Bg4 Rxd4 33. Rxd4 Nxd4
34. Rc7 Rf7 35. Rxb7 e5 36. Rxd7 Rxd7 37. Bxd7 exf4 38. gxf4 Nxb3 39. Be6 Nd4
40. Bxd5 Ne2+ 41. Kf1 Nxf4 1/2-1/2

[Event "Tradewise Gibraltar Chess Festival 2013"]
[Site "Gibraltar ENG"]
[Date "2013.01.25"]
[Round "4.52"]
[White "Nezad, Husein Aziz"]
[Black "Jaunooby, Ali R"]
[Result "1-0"]
[WhiteElo "2394"]
[BlackElo "2178"]
[PlyCount "75"]
[EventDate "2013.01.22"]
[EventType "swiss"]
[EventRounds "10"]
[EventCountry "ENG"]
[Source "lmi"]
[SourceDate "2013.01.22"]

1. d4 Nf6 2. c4 c5 3. d5 e6 4. Nc3 exd5 5. cxd5 d6 6. e4 g6 7. f4 Bg7 8. Bb5+
Nfd7 9. a4 O-O 10. Nf3 a6 11. Bd3 Nf6 12. h3 c4 13. Bc2 Nbd7 14. Be3 Re8 15.
O-O Nxe4 16. Nxe4 f5 17. Nxd6 Rxe3 18. Nxc4 Re8 19. d6 Nb6 20. Nce5 Be6 21. Bb3
Nd7 22. Bxe6+ Rxe6 23. Qd5 Qb6+ 24. Nd4 Nf8 25. Rad1 Rd8 26. Nc4 Qa7 27. a5 Kh8
28. Kh1 Bxd4 29. Rxd4 Rc8 30. Nb6 Rd8 31. d7 Qb8 32. Rfd1 Qc7 33. Rc4 Rc6 34.
Rxc6 Qxc6 35. Qxc6 bxc6 36. Re1 Rxd7 37. Nxd7 Nxd7 38. Re8+ 1-0

[Event "Tradewise Gibraltar Chess Festival 2013"]
[Site "Gibraltar ENG"]
[Date "2013.01.25"]
[Round "4.53"]
[White "Ramdewar, Ishan"]
[Black "Kuipers, Stefan"]
[Result "0-1"]
[WhiteElo "1658"]
[BlackElo "2431"]
[PlyCount "50"]
[EventDate "2013.01.22"]
[EventType "swiss"]
[EventRounds "10"]
[EventCountry "ENG"]
[Source "lmi"]
[SourceDate "2013.01.22"]

1. e4 c5 2. c3 d5 3. exd5 Qxd5 4. d4 Nf6 5. Nf3 e6 6. Bd3 cxd4 7. cxd4 Nc6 8.
Nc3 Qd8 9. O-O Be7 10. Bg5 O-O 11. Qd2 b6 12. Rad1 Nb4 13. Bb1 Bb7 14. Ne5 Nbd5
15. Qd3 Rc8 16. Qh3 g6 17. Rfe1 Nh5 18. Nxg6 hxg6 19. Bxg6 fxg6 20. Qxe6+ Rf7
21. Qxg6+ Ng7 22. Re5 Bxg5 23. Rxg5 Nf4 24. Qh6 Bxg2 25. Rg4 Rc6 0-1

[Event "Tradewise Gibraltar Chess Festival 2013"]
[Site "Gibraltar ENG"]
[Date "2013.01.25"]
[Round "4.54"]
[White "Moreno Tejera, Emilio"]
[Black "Semprun Martinez, Fernando"]
[Result "0-1"]
[WhiteElo "2413"]
[BlackElo "2201"]
[PlyCount "82"]
[EventDate "2013.01.22"]
[EventType "swiss"]
[EventRounds "10"]
[EventCountry "ENG"]
[Source "lmi"]
[SourceDate "2013.01.22"]

1. e4 e5 2. Nf3 Nc6 3. Bb5 a6 4. Ba4 Nf6 5. O-O Be7 6. d3 b5 7. Bb3 d6 8. a3
O-O 9. Re1 Bg4 10. c3 Na5 11. Bc2 c5 12. h3 Bh5 13. Nbd2 Nd7 14. Nf1 c4 15. d4
exd4 16. cxd4 Nc6 17. g4 Bg6 18. Ne3 Re8 19. Nf5 Bf8 20. Bf4 Nb6 21. N3h4 Bxf5
22. Nxf5 g6 23. Ng3 Bg7 24. Be3 d5 25. e5 f6 26. f4 fxe5 27. fxe5 Qh4 28. Kg2
Rf8 29. Qd2 c3 30. Qxc3 Nc4 31. Bc1 Rac8 32. Ra2 N6xe5 33. dxe5 Nxe5 34. Qb3
Rf3 35. Qxd5+ Kh8 36. Qxf3 Nxf3 37. Kxf3 Qf6+ 38. Bf4 Rxc2 39. Re8+ Bf8 40. Ne4
Qf7 41. Nd6 Rf2+ 0-1

[Event "Tradewise Gibraltar Chess Festival 2013"]
[Site "Gibraltar ENG"]
[Date "2013.01.25"]
[Round "4.56"]
[White "Vinas Guerrero, Carlos A"]
[Black "Milliet, Sophie"]
[Result "0-1"]
[WhiteElo "2167"]
[BlackElo "2403"]
[PlyCount "104"]
[EventDate "2013.01.22"]
[EventType "swiss"]
[EventRounds "10"]
[EventCountry "ENG"]
[Source "lmi"]
[SourceDate "2013.01.22"]

1. e4 c5 2. Nf3 Nc6 3. Nc3 g6 4. d4 cxd4 5. Nxd4 Bg7 6. Be3 Nf6 7. Bc4 O-O 8.
Bb3 d6 9. f3 Bd7 10. Qd2 Na5 11. O-O-O Rb8 12. Bh6 Bxh6 13. Qxh6 e5 14. Nde2 b5
15. Rxd6 b4 16. Na4 Nb7 17. Rd3 Qe7 18. h4 Bxa4 19. Bxa4 Nc5 20. Bb3 Nxd3+ 21.
cxd3 Qd6 22. h5 Qxd3 23. hxg6 Rbc8+ 24. Nc3 Qd6 25. Rh3 bxc3 26. gxf7+ Kh8 27.
bxc3 Rxc3+ 28. Kb2 Rxb3+ 29. axb3 Rxf7 30. g4 Rb7 31. Qe3 Nd7 32. Rh6 Qf8 33.
Rc6 Nb6 34. Qg5 Qe7 35. Qf5 Nd7 36. Re6 Qd8 37. Qf7 Rb8 38. Rd6 Rb7 39. Rh6 Qg8
40. Qxg8+ Kxg8 41. Rc6 Kf7 42. Kc3 Nf8 43. Rh6 Kg7 44. Rc6 Rf7 45. Kc4 Rxf3 46.
Kd5 Ng6 47. Ra6 Rf7 48. g5 Re7 49. Ra1 Nf4+ 50. Kd6 Re6+ 51. Kd7 a6 52. Kc7 Nh3
0-1

[Event "Tradewise Gibraltar Chess Festival 2013"]
[Site "Gibraltar ENG"]
[Date "2013.01.25"]
[Round "4.57"]
[White "Lipecki, Alexander"]
[Black "Jones, Richard S"]
[Result "0-1"]
[WhiteElo "2138"]
[BlackElo "2393"]
[PlyCount "62"]
[EventDate "2013.01.22"]
[EventType "swiss"]
[EventRounds "10"]
[EventCountry "ENG"]
[Source "lmi"]
[SourceDate "2013.01.22"]

1. d4 d5 2. Bf4 Nf6 3. e3 c6 4. Nf3 Bg4 5. Be2 Nbd7 6. c3 e6 7. Nbd2 Be7 8. Be5
Nxe5 9. Nxe5 Bxe2 10. Qxe2 Nd7 11. f4 Nxe5 12. fxe5 Qb6 13. Nf3 a5 14. O-O O-O
15. Ne1 f5 16. Nd3 Qa6 17. Rf3 c5 18. Rh3 g6 19. Qd2 Rac8 20. Rf1 b5 21. Rff3
b4 22. Rfg3 bxc3 23. bxc3 Rb8 24. Rf3 c4 25. Nc1 Rb1 26. Rf1 Ba3 27. Rd1 Rfb8
28. Qe1 Bxc1 29. Rxc1 Rxc1 30. Qxc1 Qb6 31. e4 Qb1 0-1

[Event "Tradewise Gibraltar Chess Festival 2013"]
[Site "Gibraltar ENG"]
[Date "2013.01.25"]
[Round "4.58"]
[White "Linhart, Wolfgang"]
[Black "Kriebel, Tadeas"]
[Result "0-1"]
[WhiteElo "2130"]
[BlackElo "2369"]
[PlyCount "148"]
[EventDate "2013.01.22"]
[EventType "swiss"]
[EventRounds "10"]
[EventCountry "ENG"]
[Source "lmi"]
[SourceDate "2013.01.22"]

1. d4 Nf6 2. Nf3 g6 3. Bf4 Bg7 4. e3 d6 5. c4 Nh5 6. Bg5 h6 7. Bh4 c5 8. Nc3 g5
9. Bg3 Nxg3 10. hxg3 Qa5 11. Qd2 Nc6 12. d5 Ne5 13. Nxe5 Bxe5 14. Bd3 Bd7 15.
a3 h5 16. O-O-O Bxc3 17. Qxc3 Qxc3+ 18. bxc3 O-O-O 19. Rh2 Rh6 20. Rdh1 Rdh8
21. Kd2 h4 22. Ke2 h3 23. gxh3 Rxh3 24. Rxh3 Rxh3 25. Rxh3 Bxh3 26. f4 gxf4 27.
exf4 f5 28. Kf2 Kc7 29. Bc2 Bg4 30. Ke3 a6 31. a4 Kb6 32. Kf2 Ka5 33. Ke3 b6
34. Bb3 Bh3 35. Bc2 b5 36. axb5 axb5 37. Bb3 Bg2 38. Kd2 Be4 39. Ke3 Bb1 40.
Kd2 Kb6 41. Ke3 Ka6 42. Ke2 Be4 43. Ke3 Bg2 44. Kf2 Bh3 45. Ke2 Ka5 46. Ke1 Bg4
47. Kd2 Bf3 48. Ke3 Bh1 49. Ke2 bxc4 50. Bxc4 Be4 51. Ke3 Bc2 52. Be2 Ka4 53.
Bf3 Kb3 54. Kd2 Bb1 55. Bg2 Kc4 56. Bf3 Kb5 57. Ke3 Ba2 58. Bg2 Ka5 59. Bh3 Bb1
60. Bg2 Ka4 61. Bf3 Ka3 62. Kd2 Kb2 63. Bg2 Bc2 64. Bf3 Bb3 65. Bg2 Ba4 66. Bf3
Bb3 67. Bg2 Bc4 68. Bh3 e6 69. dxe6 Bxe6 70. Bf1 c4 71. Be2 d5 72. Bd1 d4 73.
cxd4 c3+ 74. Ke3 Bb3 0-1

[Event "Tradewise Gibraltar Chess Festival 2013"]
[Site "Gibraltar ENG"]
[Date "2013.01.25"]
[Round "4.59"]
[White "Vojinovic, Jovana"]
[Black "Janev, Pavel"]
[Result "1/2-1/2"]
[WhiteElo "2359"]
[BlackElo "2126"]
[PlyCount "80"]
[EventDate "2013.01.22"]
[EventType "swiss"]
[EventRounds "10"]
[EventCountry "ENG"]
[Source "lmi"]
[SourceDate "2013.01.22"]

1. Nf3 c5 2. c4 g6 3. e3 Bg7 4. d4 d6 5. Be2 Nc6 6. O-O cxd4 7. exd4 Bg4 8. Nc3
Qc8 9. d5 Bxf3 10. Bxf3 Nd4 11. Qa4+ Qd7 12. Qxd7+ Kxd7 13. Be4 Nf6 14. Bd3 Ng4
15. Rd1 Ne5 16. Bf1 Nc2 17. Rb1 Rhc8 18. b3 Nf3+ 19. gxf3 Bxc3 20. a3 b5 21.
cxb5 Bh8 22. Bc4 Nd4 23. Kg2 g5 24. Be3 Nf5 25. Kf1 Nxe3+ 26. fxe3 h5 27. Ke2
Be5 28. h3 e6 29. Rg1 Bf6 30. f4 gxf4 31. Rbf1 Rg8 32. Rxg8 Rxg8 33. Rxf4 Ke7
34. dxe6 fxe6 35. Bd3 Rg3 36. Ra4 Bg5 37. Rxa7+ Kf6 38. h4 Bxe3 39. Rh7 Ke5 40.
Rxh5+ Kd4 1/2-1/2

[Event "Tradewise Gibraltar Chess Festival 2013"]
[Site "Gibraltar ENG"]
[Date "2013.01.25"]
[Round "4.60"]
[White "Montero Melendez, Rafael"]
[Black "Cawley, Paul F"]
[Result "1-0"]
[WhiteElo "2316"]
[BlackElo "2113"]
[PlyCount "107"]
[EventDate "2013.01.22"]
[EventType "swiss"]
[EventRounds "10"]
[EventCountry "ENG"]
[Source "lmi"]
[SourceDate "2013.01.22"]

1. c4 c5 2. g3 g6 3. Bg2 Bg7 4. Nc3 Nc6 5. Nf3 e5 6. O-O Nge7 7. Ne1 O-O 8. Nc2
d6 9. Ne3 Be6 10. Ned5 Qd7 11. Qa4 f5 12. d3 Rae8 13. e3 Kh8 14. Bd2 Ng8 15.
Rab1 g5 16. f4 gxf4 17. gxf4 Nf6 18. b4 e4 19. b5 Bxd5 20. Nxd5 Nd8 21. Nxf6
Bxf6 22. dxe4 fxe4 23. Qc2 Qg7 24. Kh1 Qe7 25. Bc3 b6 26. Rbd1 Nb7 27. Rd2 Bxc3
28. Qxc3+ Qf6 29. Qc2 Qe7 30. f5 Rf6 31. Rf4 d5 32. Rxd5 Nd6 33. a4 Kg7 34. Kg1
h6 35. Kh1 Kh7 36. Bh3 Rg8 37. Rd1 Qf7 38. Bg2 Re8 39. Bxe4 Qxc4 40. Qxc4 Nxc4
41. Rd7+ Kh8 42. Rxa7 Nxe3 43. Kg1 Rg8+ 44. Kf2 Ng4+ 45. Ke2 Nxh2 46. a5 bxa5
47. b6 Rxb6 48. f6 Rb2+ 49. Kd3 Rd8+ 50. Kc3 Rbb8 51. Rh7+ Kg8 52. Rxh6 a4 53.
Rxh2 a3 54. Bd5+ 1-0

[Event "Tradewise Gibraltar Chess Festival 2013"]
[Site "Gibraltar ENG"]
[Date "2013.01.25"]
[Round "4.61"]
[White "Omar, Noaman"]
[Black "Nafri, Khalil"]
[Result "1-0"]
[WhiteElo "2314"]
[BlackElo "2091"]
[PlyCount "69"]
[EventDate "2013.01.22"]
[EventType "swiss"]
[EventRounds "10"]
[EventCountry "ENG"]
[Source "lmi"]
[SourceDate "2013.01.22"]

1. d4 Nf6 2. c4 g6 3. Nc3 Bg7 4. e4 d6 5. f3 O-O 6. Be3 c5 7. Nge2 Qa5 8. d5 b5
9. cxb5 a6 10. b6 Qxb6 11. Qc2 Nbd7 12. Ng3 Rb8 13. Rb1 Qa5 14. Be2 e6 15. dxe6
fxe6 16. O-O d5 17. exd5 exd5 18. Bf2 Bb7 19. Rfd1 Kh8 20. h4 Rbe8 21. a3 Qc7
22. Na4 d4 23. h5 Nxh5 24. Nxh5 gxh5 25. b4 Qf4 26. Nxc5 Nxc5 27. bxc5 Be4 28.
Bd3 Bd5 29. Qc1 Qf6 30. Rb6 Qf7 31. Re1 h4 32. Rxe8 Rxe8 33. Qg5 Bc4 34. Be4
Qe7 35. Qxe7 1-0

[Event "Tradewise Gibraltar Chess Festival 2013"]
[Site "Gibraltar ENG"]
[Date "2013.01.25"]
[Round "4.62"]
[White "Valhondo Morales, Ruben"]
[Black "Kvisvik, Brede"]
[Result "0-1"]
[WhiteElo "2136"]
[BlackElo "2314"]
[PlyCount "52"]
[EventDate "2013.01.22"]
[EventType "swiss"]
[EventRounds "10"]
[EventCountry "ENG"]
[Source "lmi"]
[SourceDate "2013.01.22"]

1. e4 c5 2. Nf3 e6 3. d4 cxd4 4. Nxd4 a6 5. Bd3 Bc5 6. Nb3 Ba7 7. Qg4 Nf6 8.
Qg3 d6 9. O-O Nc6 10. Nc3 b5 11. Kh1 Bb7 12. f4 h5 13. f5 Ng4 14. a4 b4 15. Nd1
Nce5 16. fxe6 fxe6 17. a5 d5 18. Ne3 dxe4 19. Be2 Qe7 20. Bxg4 Nxg4 21. Nxg4
hxg4 22. Qxg4 e3 23. Qg6+ Kd7 24. Rf7 Rxh2+ 25. Kxh2 Rh8+ 26. Kg3 Bb8+ 0-1

[Event "Tradewise Gibraltar Chess Festival 2013"]
[Site "Gibraltar ENG"]
[Date "2013.01.25"]
[Round "4.63"]
[White "Rudolf, Anna"]
[Black "Compton, Alistair"]
[Result "1/2-1/2"]
[WhiteElo "2312"]
[BlackElo "2087"]
[PlyCount "129"]
[EventDate "2013.01.22"]
[EventType "swiss"]
[EventRounds "10"]
[EventCountry "ENG"]
[Source "lmi"]
[SourceDate "2013.01.22"]

1. e4 e6 2. d4 d5 3. Nd2 Nf6 4. e5 Nfd7 5. Bd3 c5 6. c3 Nc6 7. Ne2 cxd4 8. cxd4
f6 9. exf6 Nxf6 10. Nf3 Bd6 11. O-O O-O 12. Bf4 Nh5 13. Bxd6 Qxd6 14. Qc2 Nf6
15. a3 Bd7 16. h3 Rae8 17. Rac1 e5 18. dxe5 Nxe5 19. Nxe5 Qxe5 20. Qd2 Kh8 21.
Qb4 Qg5 22. Qf4 Qxf4 23. Nxf4 Rc8 24. Rxc8 Rxc8 25. Re1 Kg8 26. Kf1 Kf7 27. Re5
Re8 28. Rxe8 Kxe8 29. h4 Ke7 30. f3 Kd6 31. Ne2 h6 32. Kf2 Ke5 33. f4+ Kd6 34.
Ke3 Ne8 35. Nd4 Nf6 36. Bf5 Be8 37. Bc8 Kc7 38. Bh3 g6 39. f5 a6 40. g4 Kd6 41.
b4 gxf5 42. g5 hxg5 43. hxg5 Nh5 44. Bxf5 b6 45. Nf3 a5 46. Kd4 axb4 47. axb4
Nf4 48. Ke3 Ng2+ 49. Kf2 Nf4 50. Ke3 Ng2+ 51. Kd3 Bg6 52. Bxg6 Nf4+ 53. Kd4
Nxg6 54. Ne1 Nf4 55. Ke3 Ne6 56. g6 Ke5 57. Nd3+ Kf5 58. Nf4 d4+ 59. Kf3 Ng7
60. b5 d3 61. Nxd3 Kxg6 62. Ke4 Ne8 63. Kd5 Nc7+ 64. Kc6 Nxb5 65. Kxb5 1/2-1/2

[Event "Tradewise Gibraltar Chess Festival 2013"]
[Site "Gibraltar ENG"]
[Date "2013.01.25"]
[Round "4.64"]
[White "Skutta, Bernd"]
[Black "Stockmann, Michael"]
[Result "0-1"]
[WhiteElo "2048"]
[BlackElo "2312"]
[PlyCount "72"]
[EventDate "2013.01.22"]
[EventType "swiss"]
[EventRounds "10"]
[EventCountry "ENG"]
[Source "lmi"]
[SourceDate "2013.01.22"]

1. d4 d5 2. Nf3 Nf6 3. c4 e6 4. g3 dxc4 5. Bg2 a6 6. a4 c5 7. O-O Nc6 8. Na3
cxd4 9. Nxc4 Bc5 10. Bf4 O-O 11. Qc2 Nb4 12. Qb3 Nfd5 13. Bd2 Qe7 14. Rfd1 Rd8
15. Rac1 Rb8 16. Be1 b5 17. Nce5 bxa4 18. Qc4 Bd6 19. Qxd4 f6 20. Nc6 Nxc6 21.
Rxc6 Bb7 22. Rxd6 Rxd6 23. e4 Rbd8 24. Qc5 R6d7 25. Qa7 Bc8 26. Qb8 Bb7 27. Qa7
Bc8 28. Qb8 Ne3 29. Rc1 Nxg2 30. Kxg2 Rb7 31. Qa8 Rc7 32. Bb4 Qd7 33. Rxc7 Qxc7
34. e5 Bb7 35. Ba5 Bxa8 36. Bxc7 Rd3 0-1